Documento que avala la venta de una casa a favor de Don Manuel de la Borda (Record no. 4717)
[ view plain ]
| 000 -CABECERA | |
|---|---|
| campo de control de longitud fija | 01652nam a2200349 a 4500 |
| 001 - NÚMERO DE CONTROL | |
| campo de control | BRCA_5023 |
| 005 - FECHA Y HORA DE LA ÚLTIMA TRANSACCIÓN | |
| campo de control | 20190320204916.0 |
| 008 - DATOS DE LONGITUD FIJA--INFORMACIÓN GENERAL | |
| campo de control de longitud fija | 011110s1786----mx-######v---#000-0#spa-# |
| 041 ## - CÓDIGO DE LENGUA | |
| Código de lengua del texto/banda sonora o título independiente | spa |
| 044 ## - CÓDIGO DEL PAÍS DE LA ENTIDAD EDITORA/PRODUCTORA | |
| Código MARC del país | mx |
| 084 ## - OTRO NÚMERO DE CLASIFICACIÓN | |
| Número de clasificación | DOC90 |
| Número de documento/Ítem | .B67 |
| -- | 1786 |
| 100 1# - ENTRADA PRINCIPAL--NOMBRE DE PERSONA | |
| Nombre de persona | Borda, Manuel de la |
| 9 (RLIN) | 12816 |
| 245 10 - MENCIÓN DE TÍTULO | |
| Título | Documento que avala la venta de una casa a favor de Don Manuel de la Borda |
| Mención de responsabilidad, etc. | Manuel de la Borda ; Manuel Clavijo ; María Josefa de Oviedo. |
| 260 ## - PUBLICACIÓN, DISTRIBUCIÓN, ETC. | |
| Lugar de publicación, distribución, etc. | México |
| Fecha de publicación, distribución, etc. | 1786 |
| 300 ## - DESCRIPCIÓN FÍSICA | |
| Extensión | [16] fojas |
| Dimensiones | 31 x 21 cm. |
| 500 ## - NOTA GENERAL | |
| Nota general | Documento firmado el 5 de mayo de 1786. |
| 500 ## - NOTA GENERAL | |
| Nota general | Venta de una casa que otorgó Don Manuel María Clavijo y Mora como albacea de María Josefa de Oviedo a favor del Doctor Manuel de la Borda. |
| 500 ## - NOTA GENERAL | |
| Nota general | Contiene sello con el escudo de la casa de Borbón y lema: ´SELLO SEGUNDO. SEIS REALES. AÑOS DE MIL SETECIENTOS OCHENTA Y SIETE´. |
| 500 ## - NOTA GENERAL | |
| Nota general | Contiene la leyenda en tinta morada: Maria Josefa Oviedo. |
| 500 ## - NOTA GENERAL | |
| Nota general | El documento contiene la leyenda DOC.# 250. |
| 500 ## - NOTA GENERAL | |
| Nota general | Papel con marca de agua. |
| 500 ## - NOTA GENERAL | |
| Nota general | Estado de conservación: contiene pequeñas lagunas provocadas por insectos y los margenes deteriorados. |
| 506 0# - NOTA DE RESTRICCIONES AL ACCESO | |
| Limitaciones de acceso | Fondo Reservado. Para su consulta es necesario credencial de usuario y carta de motivos. |
| 546 ## - NOTA DE LENGUA/LENGUAJE | |
| Nota de lengua/lenguaje | Texto en: Español de finales del siglo XVIII. |
| 600 14 - PUNTO DE ACCESO ADICIONAL DE MATERIA--NOMBRE DE PERSONA | |
| Nombre de persona | Borda, Manuel de la |
| Subdivisión general | Historia |
| 9 (RLIN) | 12714 |
| 650 14 - PUNTO DE ACCESO ADICIONAL DE MATERIA--TÉRMINO DE MATERIA | |
| Término de materia o nombre geográfico como elemento de entrada | Compraventa de bienes raíces |
| Subdivisión de forma | Manuscritos |
| Subdivisión geográfica | Mèxico |
| 9 (RLIN) | 12817 |
| 651 #4 - PUNTO DE ACCESO ADICIONAL DE MATERIA--NOMBRE GEOGRÁFICO | |
| Nombre geográfico | México |
| Subdivisión general | Historia |
| Subdivisión cronológica | Colonia, 1521-1821 |
| 9 (RLIN) | 12461 |
| 700 1# - PUNTO DE ACCESO ADICIONAL--NOMBRE DE PERSONA | |
| Nombre de persona | Clavijo, Manuel María |
| 9 (RLIN) | 12818 |
| 700 1# - PUNTO DE ACCESO ADICIONAL--NOMBRE DE PERSONA | |
| Nombre de persona | Oviedo, María Josefa de |
| 9 (RLIN) | 12819 |
| 902 ## - CATALOGADOR | |
| Iniciales | FDH |
| 942 ## - ELEMENTOS DE PUNTO DE ACCESO ADICIONAL (KOHA) | |
| Fuente del sistema de clasificación o colocación | Library of Congress Classification |
| Tipo de ítem Koha | Documentos |
| Estado de retiro | Estado de pérdida | Estado dañado | No para préstamo | Localización permanente | Ubicación/localización actual | Fecha de adquisición | Total de préstamos | Signatura topográfica completa | Código de barras | Fecha visto por última vez | Precio válido a partir de | Tipo de ítem Koha |
|---|---|---|---|---|---|---|---|---|---|---|---|---|
| El ejemplar forma parte de la colección y puede ser consultado según las políticas vigentes. | Biblioteca del Museo Franz Mayer (Rogerio Casas-Alatriste) | Biblioteca del Museo Franz Mayer (Rogerio Casas-Alatriste) | 01/11/2010 | DOC90 .B67 1786 | 5111 | 22/03/2019 | 22/03/2019 | Documentos |